000 00339nam a2200157Ia 4500
100 _aRamo Simon
250 _a3
942 _cBK
654 _aElectronics
245 _aFields and Waves in Communications Electronics
260 _bWiley
_aNew york
_c1994
082 _a537
_bRAM
300 _a844
546 _aENGLISH
999 _c32994
_d32994